Polskie filmy nagrodzone Oscarem lub nominowane - Statystyki

Ogólne statystyki
  • Ten quiz został rozwiązany 163 razy
  • Średni wynik to 6 z 12
Statystyki odpowiedzi
Rok Film % Poprawnych
2014 Ida
88%
2018 Zimna Wojna
65%
2019 Boże Ciało
60%
1974 Potop
52%
1963 Nóż w wodzie
51%
2007 Katyń
50%
1981 Człowiek z Żelaza
49%
1975 Ziemia obiecana
42%
1966 Faraon
30%
2011 W ciemności
30%
1979 Panny z Wilka
21%
1976 Noce i dnie
20%
Nie znaleziono quizów pasujących do podanych kryteriów
Rozkład punktacji
Procent ludzi z każdym wynikiem
Percentyl według liczby udzielonych odpowiedzi
Twoja historia wyników
Nie rozwiązałeś tego quizu